000 00695nam a2200217Ia 4500
003 GCL
008 140319s9999 xx 000 0 ara d
040 _aGCL /
_cGCL
082 0 4 _a811.9
_bب ا
100 1 _aبيرم التونسى
245 1 0 _aبيرم والناس /
_cبيرم التونسى
700 1 _aرشدى صالح(اشراف)
260 _a[S.N] :
_bالهيئة المصرية العامة للكتاب ،
_c1986
300 _a166
490 _aالاعمال الكاملة لبيرم التونسى
_v0
650 0 4 _aالشعر العربى
650 0 4 _aالادب العربى
650 0 4 _aالمقامات
650 0 4 _aالشعر العامى
942 _2ddc
_cBK
999 _c29211
_d29211